书目信息 |
| 题名: |
我的教学生涯
|
|
| 作者: | 斯霞 著 ;覃事敏 编 | |
| 分册: | ||
| 出版信息: | 上海 上海教育出版社 1982 |
|
| 页数: | 275页 | |
| 开本: | 21cm | |
| 丛书名: | ||
| 单 册: | ||
| 中图分类: | G622 , G42 | |
| 科图分类: | ||
| 主题词: | 教学理论--小学 | |
| 电子资源: | ||
| ISBN: | ||
| 000 | 00657nam0 2200253 45 | |
| 001 | 0182003057 | |
| 005 | 20060925111210.34 | |
| 010 | @dCNY1.15 | |
| 091 | @a7150.2789 | |
| 100 | @a19950414d1982 em y0chiy0121 ea | |
| 101 | 0 | @achi |
| 102 | @aCN@b310000 | |
| 105 | @af z 000yd | |
| 200 | 10 | @a我的教学生涯@Awo de jiao xue sheng ya@f斯霞著@g覃事敏等编 |
| 210 | @a上海@c上海教育出版社@d1982 | |
| 215 | @a275页@c照片@d21cm | |
| 606 | @a教学理论@x小学 | |
| 690 | @aG622@v3 | |
| 690 | @aG42 | |
| 701 | 0 | @a斯霞@Asi xia@4著 |
| 702 | 0 | @a覃事敏@Aqing shi min@4编 |
| 801 | 2 | @aCN@bNLC@c20060925 |
| 801 | 0 | @aCN@b上海图书馆@c20040425 |
| 905 | @dG42@e8 | |
| 我的教学生涯/斯霞著/覃事敏等编.-上海:上海教育出版社,1982 |
| 275页:照片;21cm |
| ISBN :CNY1.15 |
| ● |
| 相关链接 |
|
|
|
|
正题名:我的教学生涯
索取号:G42/8
 
预约/预借
| 序号 | 登录号 | 条形码 | 馆藏地/架位号 | 状态 | 备注 |
| 1 | 0089775 | 001604534 | 密集书库/ [索取号:G42/8] | 在馆 | |
| 2 | 0089776 | 001604605 | 密集书库/ [索取号:G42/8] | 在馆 | |
| 3 | 0089777 | 000881870 | 密集书库/ [索取号:G42/8] | 在馆 | |
| 4 | 0089778 | 000881889 | 第一样本阅览室/ [索取号:G42/8] | 在馆 | |
| 5 | 0089779 | 001604598 | 密集书库/ [索取号:G42/8] | 在馆 | |
| 6 | 0422630 | 204226300 | 密集书库/ [索取号:G42/8] | 在馆 | |
| 7 | 0422631 | 204226319 | 密集书库/ [索取号:G42/8] | 在馆 | |
| 8 | 0422632 | 204226328 | 密集书库/ [索取号:G42/8] | 在馆 | |
| 9 | 0422633 | 204226337 | 密集书库/ [索取号:G42/8] | 在馆 | |
| 10 | 0422634 | 204226346 | 密集书库/ [索取号:G42/8] | 在馆 |